000 00218nam a22000857a 4500
999 _c11080
_d11080
008 180824b ||||| |||| 00| 0 eng d
100 _aArora,S.L.
_96856
245 _aPhysics-XI
260 _aNew Delhi
_bDhanpat Rai & Co
_c2018